MARC

LEADER 00000nam0a2200000 4500
001 261657
005 20231101233601.0
035 |a (RuTPU)RU\TPU\book\284638 
035 |a RU\TPU\book\91920 
090 |a 261657 
100 |a 20140526d1965 m y0rusy50 ca 
101 0 |a rus 
102 |a RU 
105 |a a j 000zy 
200 1 |a Курс общей физики. Механика и молекулярная физика  |e учебное пособие  |f Л. Д. Ландау, А. И. Ахиезер, Е. М. Лифшиц 
210 |a Москва  |c Наука  |d 1965 
215 |a 400 с.  |c ил. 
606 1 |a Физика  |2 stltpush  |3 (RuTPU)RU\TPU\subj\63709  |9 80688 
610 1 |a учебники 
610 1 |a механика 
610 1 |a молекулярная физика 
610 1 |a поле 
610 1 |a твердое тело 
610 1 |a теплота 
610 1 |a растворы 
610 1 |a химические реакции 
610 1 |a колебания 
610 1 |a симметрия 
610 1 |a фазовые переходы 
610 1 |a вязкость 
610 1 |a звук 
675 |a 53(075.8)  |v 3 
700 1 |a Ландау  |b Л. Д.  |c российский физик-теоретик  |c академик АН СССР  |f 1908-1968  |g Лев Давидович  |2 stltpush  |3 (RuTPU)RU\TPU\pers\216  |9 111 
701 1 |a Ахиезер  |b А. И.  |g Александр Ильич 
701 1 |a Лифшиц  |b Е. М.  |c российский физик  |f 1915-1985  |g Евгений Михайлович  |2 stltpush  |3 (RuTPU)RU\TPU\pers\23254 
801 1 |a RU  |b 63413507  |c 20051115  |g PSBO 
801 2 |a RU  |b 63413507  |c 20201112  |g PSBO 
942 |c BK